| 000 | 01556njm a2200349 c 4500 | ||
|---|---|---|---|
| 003 | BLK | ||
| 005 | 20210531114542.0 | ||
| 008 | 180410b bul||n||s|||||||| n|bulo| | ||
| 010 | _aCDD00009341000 | ||
| 040 | _aBLK | ||
| 041 |
_aBUL _cBUL |
||
| 072 | 7 |
_2bullib _aФ _xНови некнижни |
|
| 080 |
_aРазвиване на мисълта. Подвижни упражнения - Упражняване на вниманието и способността за различаване, наблюдаване на природата, гимнастика, ритмични упражнения, ръчна работа и др. _b372.36 _x(075.8) _z372.36(075.8) |
||
| 100 | 1 |
_aГеоргиева, Соня Георгиева _eпърви автор _9374129 |
|
| 139 |
_aГеоргиева, Соня Георгиева _bГ 37 |
||
| 245 | 1 | 0 |
_aИграта за педагогически цели _bВидове игри - презентации _cСоня Георгиева Георгиева. |
| 257 | _aBGR | ||
| 260 |
_аРусе _c2014 |
||
| 300 |
_a(30 МВ) _bцв. ; 12 см |
||
| 380 | _a3 | ||
| 500 | _aКъм кн. със същото загл. и сигн. Цб 280832 | ||
| 650 | 4 |
_aДидактически игри _9280381 |
|
| 653 | _aпедагогика | ||
| 653 | _aвъзпитание | ||
| 653 | _aигри | ||
| 659 | _aФ | ||
| 852 |
_aЦб CD 4161 _p0 |
||
| 856 | 4 |
_qpdf _u |
|
| 856 | 4 |
_qpdf _u |
|
| 942 |
_cCDD _n0 _01 |
||
| 944 |
_aCR _c03.06.2016 _kВиолета_Тройчева |
||
| 944 |
_aED _c28.06.2016 _kГеновева_Генчева |
||
| 999 |
_c228596 _d228596 |
||